000 01044nam a2200217Ia 4500
003 OSt
005 20240613114649.0
008 210210b2015 xxu||||| |||| 00| 0 eng d
020 _a9788190651356
040 _cAL
041 _aKannada
082 _aK894.8 KANB
100 _aKANNADA MATTU SAMSKRATI ILAKHE
_dಕನ್ನಡ ಮತ್ತು ಸಂಸ್ಕೃತಿ ಇಲಾಖೆ
_9170467
245 _aBaba saheb ambedkar avara samagra barehagalu mattu bhashanagalu samputa 21
_bBaba saheb ambedkar avara patrika barehagalu: 1920 rinda 1928
_cಬಾಬಾ ಸಾಹೇಬ್ ಅಂಬೇಡ್ಕರ್ ಅವರ ಸಮಗ್ರ ಬರಹಗಳು ಮತ್ತು ಭಾಷಣಗಳು: ಸಂಪುಟ 21 ಬಾಬಾ ಸಾಹೇಬ್ ಅಂಬೇಡ್ಕರ್ ಅವರ ಪತ್ರಿಕಾ ಬರಹಗಳು : 1920 ರಿಂದ 1928
260 _aBengaluru
_bKannada mattu Samskrati Ilakhe
_c2015
300 _axx,595
440 _a21
_9170468
690 _aKannada Collections
_9170483
906 _a071009
942 _2ddc
_cBK
999 _c120425
_d120425